| 000 | 00372nam a2200097Ia 4500 | ||
|---|---|---|---|
| 008 | 180130s9999 xx 000 0 und d | ||
| 245 |
_cHerzig, K. _aThere's never enough time to do all the testing you want |
||
| 260 | _c2016 | ||
| 300 | _aBook title: Perspectives on data science for software engineering--Acession number C20893; pages 91-96 | ||
| 650 | _aSOFTWARE ENGINEERING | ||
| 999 |
_c354297 _d354297 |
||